000 01515cam a22004214a 4500
001 98324
003 BJBSDDR
005 20260114114824.0
006 a|||||r|||| 00| 0
007 ta
008 100820s2009 cauaf b s001 0beng
020 _a8561501243 (pbk.)
020 _a9788561501242 (pbk.)
035 _a(OCoLC)ocn657112577
035 _a(OCoLC)657112577
040 _aZQP
_cZQP
_beng
041 1 _apor
_heng
050 1 4 _a103 F 2538.5
_bL955B 2009
082 0 0 _a981.06092
100 1 _aBourne, Richard,
_d1940-
_942045
240 1 0 _aLula of Brazil.
_lPortuguese
245 1 0 _aLula Do Brasil. :
_ba historia real /
_cRichard Bourne ; traduçao Paulo Schmidt, Bernardo Schmidt.
260 _aSão Paulo, Brazil :
_bGeração Editorial,
_cc2009.
300 _a360, [96] pages of plates :
_billustrations (some color) ;
_c22 cm.
500 _aTranslation of: Lula of Brazil: the story so far
504 _aIncludes bibliographical references (pages 331-333) and index.
600 1 4 _aLula,
_d1945-
_932253
650 0 _aPresidents
_zBrazil
_vBiography.
650 4 _aPresidentes
_vBiografías
_zBrasil
_939898
651 0 _aBrazil
_xPolitics and government
_y2003-
651 0 _aBrazil
_xPolitics and government
_y1985-2002.
651 4 _aBrasil
_xPolítica y gobierno
_y2003-
_93351
651 4 _aBrasil
_xPolítica y gobierno
_y1985-2002
_93351
700 1 _aSchmidt, Paulo
_946679
_etranslator
700 1 _aSchmidt, Bernardo
_946680
_etranslator
942 _2lcc
_cBK
946 _aMAT
999 _c8212
_d8212